Stolice wykonane z pierwiastków #2 - Statystyki

Ogólne statystyki
  • Ten quiz został rozwiązany 144 razy
  • Średni wynik to 6 z 9
Statystyki odpowiedzi
Pierwiastek Stolica % Poprawnych
Bar + Potas + Uran Baku
87%
Wapń + Rad + Węgiel + Arsen Caracas
72%
Fosfor + Rad + Gal Praga
66%
Bor + Erb + Azot + Tlen Berno
64%
Sód + Iryd + Tlen + Bizmut Nairobi
63%
Azot + Arsen + Siarka + Złoto Nassau
58%
Terb + Jod + Lit + Krzem Tbilisi
56%
Fosfor + Argon + Ameryk + Argon + Jod+ Bor + Tlen Paramaribo
51%
Potas + Tlen + Sód + Krypton + Itr Konakry
50%
Nie znaleziono quizów pasujących do podanych kryteriów
Rozkład punktacji
Procent ludzi z każdym wynikiem
Percentyl według liczby udzielonych odpowiedzi
Twoja historia wyników
Nie rozwiązałeś tego quizu